Premier League Final Day Starting XIs 24/25 - Statistics

General Stats
  • This quiz has been taken 109 times
  • The average score is 147 of 220
Answer Stats
Team Pos. Nat. Answer % Correct
Arsenal vs SOU GK ESP David Raya
100%
Arsenal vs SOU RB ENG Ben White
99%
Wolves vs BRE GK POR Jose Sa
99%
Forest vs CHE AM ENG Morgan Gibbs-White
99%
Arsenal vs SOU DM ENG Declan Rice
97%
Arsenal vs SOU LW BRA Gabriel Martinelli
97%
Arsenal vs SOU LB UKR Oleksandr Zinchenko
96%
Arsenal vs SOU DM GHA Thomas Partey
94%
Newcastle vs EVE ST SWE Alexander Isak
93%
Man Utd vs AVL CM POR Bruno Fernandes
93%
Arsenal vs SOU CB POL Jakub Kiwior
93%
Liverpool vs CRY ST COL Luis Diaz
93%
Spurs vs BRI CB NED Micky van de Ven
93%
Man City vs FUL CB POR Ruben Dias
93%
Liverpool vs CRY CB NED Virgil van Dijk
93%
Man City vs FUL GK BRA Ederson
92%
Aston Villa vs MUN GK ARG Emiliano Martinez
92%
Everton vs NEW GK ENG Jordan Pickford
92%
Newcastle vs EVE GK ENG Nick Pope
92%
Liverpool vs CRY GK BRA Alisson
90%
Liverpool vs CRY LW NED Cody Gakpo
90%
Man City vs FUL ST NOR Erling Haaland
90%
Arsenal vs SOU ST ESP Mikel Merino
90%
Liverpool vs CRY RW EGY Mohamed Salah
90%
Aston Villa vs MUN ST ENG Ollie Watkins
90%
Liverpool vs CRY LB SCO Andrew Robertson
89%
Newcastle vs EVE AM ENG Anthony Gordon
89%
Fulham vs MCI GK GER Bernd Leno
89%
Newcastle vs EVE CM BRA Bruno Guimaraes
89%
Forest vs CHE ST NZL Chris Wood
89%
Liverpool vs CRY CB FRA Ibrahima Konate
89%
Man City vs FUL CB SUI Manuel Akanji
89%
Aston Villa vs MUN RB POL Matty Cash
89%
Man City vs FUL DM POR Bernardo Silva
87%
Newcastle vs EVE CB SUI Fabian Schar
87%
Man City vs FUL LW BEL Jeremy Doku
87%
Aston Villa vs MUN LW SCO John McGinn
87%
Man City vs FUL LB CRO Josko Gvardiol
87%
Arsenal vs SOU CB SCO Kieran Tierney
87%
Chelsea vs NFO LB ESP Marc Cucurella
87%
Chelsea vs NFO DM ECU Moises Caicedo
87%
Southampton vs ARS CB ENG Nathan Wood
87%
Man City vs FUL RW EGY Omar Marmoush
87%
Chelsea vs NFO RB ENG Reece James
87%
Chelsea vs NFO GK ESP Robert Sanchez
87%
Liverpool vs CRY DM NED Ryan Gravenberch
87%
Newcastle vs EVE CM ITA Sandro Tonali
87%
Chelsea vs NFO AM ENG Cole Palmer
86%
Chelsea vs NFO DM ARG Enzo Fernandez
86%
Man City vs FUL AM GER Ilkay Gundogan
86%
Palace vs LIV ST FRA Jean Philippe Mateta
86%
Palace vs LIV AM ENG Eberechi Eze
85%
Arsenal vs SOU AM ENG Ethan Nwaneri
85%
Aston Villa vs MUN CB ENG Ezri Konsa
85%
Palace vs LIV AM SEN Ismaila Sarr
85%
Forest vs CHE GK BEL Matz Sels
85%
Spurs vs BRI CM SEN Pape Sarr
85%
Aston Villa vs MUN CB ESP Pau Torres
85%
Spurs vs BRI RW WAL Brennan Johnson
83%
Liverpool vs CRY AM HUN Dominic Szoboszlai
83%
Bournemouth vs LEI LB HUN Milos Kerkez
83%
Newcastle vs EVE CB NED Sven Botman
83%
Forest vs CHE ST SWE Anthony Elanga
82%
Liverpool vs CRY RB NIR Conor Bradley
82%
Palace vs LIV GK ENG Dean Henderson
82%
Spurs vs BRI GK ITA Guglielmo Vicario
82%
Man Utd vs AVL CB ENG Harry Maguire
82%
Man Utd vs AVL ST DEN Rasmus Hojlund
82%
Spurs vs BRI CM URU Rodrigo Bentancur
82%
Man Utd vs AVL AM CIV Amad Diallo
80%
Bournemouth vs LEI LW GHA Antoine Semenyo
80%
Brighton vs TOT GK NED Bart Verbruggen
80%
Brentford vs WOL RW CAM Bryan Mbeumo
80%
Newcastle vs EVE CB ENG Dan Burn
80%
Spurs vs BRI LB ITA Destiny Udogie
80%
Bournemouth vs LEI ST BRA Evanilson
80%
Bournemouth vs LEI GK ESP Kepa Arrizabalaga
80%
Aston Villa vs MUN RW ENG Morgan Rogers
80%
Forest vs CHE RB NGA Ola Aina
80%
Chelsea vs NFO ST POR Pedro Neto
80%
Spurs vs BRI RB ESP Pedro Porro
80%
Man Utd vs AVL CB SWE Victor Lindelof
80%
Aston Villa vs MUN DM BEL Amadou Onana
79%
Fulham vs MCI LB USA Antonee Robinson
79%
Man Utd vs AVL CM BRA Casemiro
79%
Liverpool vs CRY DM ENG Curtis Jones
79%
Spurs vs BRI ST ENG Dominic Solanke
79%
Southampton vs ARS RM ENG Jay Robinson
79%
Bournemouth vs LEI AM NED Justin Kluivert
79%
West Ham vs IPS GK POL Lukasz Fabianski
79%
Everton vs NEW LB UKR Vitalii Mykolenko
79%
Brentford vs WOL ST DRC Yoane Wissa
79%
Everton vs NEW ST POR Beto
77%
Aston Villa vs MUN DM FRA Boubacar Kamara
77%
Chelsea vs NFO CB ENG Levi Colwill
77%
Forest vs CHE CB BRA Murillo
77%
West Ham vs IPS ST GER Niklas Fullkrug
77%
Chelsea vs NFO RW ENG Noni Madueke
77%
Man Utd vs AVL RM MOR Noussair Mazraoui
77%
West Ham vs IPS DM MEX Edson Alvarez
76%
Aston Villa vs MUN AM ESP Marco Asensio
76%
Brentford vs WOL GK NED Mark Flekken
76%
Forest vs CHE CB SER Nikola Milenkovic
76%
Aston Villa vs MUN LB NED Ian Maatsen
75%
Everton vs NEW DM SEN Idrissa Gueye
75%
West Ham vs IPS ST ENG Jarrad Bowen
75%
Man City vs FUL RB POR Matheus Nunes
75%
West Ham vs IPS CM CZE Thomas Soucek
75%
Palace vs LIV RWB COL Daniel Munoz
73%
Newcastle vs EVE AM ENG Harvey Barnes
73%
Forest vs CHE LB WAL Neco Williams
73%
Brentford vs WOL DM DEN Christian Norgaard
72%
Fulham vs MCI CB DEN Joachim Andersen
72%
Brentford vs WOL AM DEN Mikkel Damsgaard
72%
Bournemouth vs LEI DM USA Tyler Adams
72%
Man Utd vs AVL GK TUR Altay Bayindir
70%
Fulham vs MCI RW WAL Harry Wilson
70%
Everton vs NEW LW SEN Iliman Ndiaye
70%
Newcastle vs EVE RM ENG Jacob Murphy
70%
Spurs vs BRI CB AUT Kevin Danso
70%
Man City vs FUL DM ESP Nico Gonzalez
70%
Palace vs LIV CM JAP Daichi Kamada
69%
Southampton vs ARS CM POR Matheus Fernandes
69%
Newcastle vs EVE LM ENG Tino Livramento
69%
Bournemouth vs LEI CB UKR Illia Zabarnyi
68%
Brentford vs WOL LW GER Kevin Schade
68%
Wolves vs BRE AM BRA Matheus Cunha
68%
Everton vs NEW CB ENG Michael Keane
68%
Brighton vs TOT CB NED Jan Paul van Hecke
66%
Bournemouth vs LEI CB ARG Marcos Senesi
66%
Brentford vs WOL CB IRE Nathan Collins
66%
Fulham vs MCI LW ESP Adama Traore
65%
Fulham vs MCI AM BRA Andreas Pereira
65%
Fulham vs MCI RB NED Kenny Tete
65%
Man Utd vs AVL LM DEN Patrick Dorgu
65%
Leicester vs BOU ST ZAM Patson Daka
65%
Leicester vs BOU CB BEL Wout Faes
65%
Southampton vs ARS GK ENG Aaron Ramsdale
63%
Brighton vs TOT CM CAM Carlos Baleba
63%
Palace vs LIV CB USA Chris Richards
63%
Forest vs CHE CM ENG Elliot Anderson
63%
Wolves vs BRE CM BRA Joao Gomes
63%
West Ham vs IPS CB GRE Konstantinos Mavropanos
63%
Man Utd vs AVL AM ENG Mason Mount
63%
Arsenal vs SOU RW ENG Raheem Sterling
63%
Wolves vs BRE LM ALG Rayan Ait Nouri
63%
Wolves vs BRE CB POR Toti Gomes
63%
Palace vs LIV LWB ENG Tyrick Mitchell
62%
Palace vs LIV CM ENG Will Hughes
62%
Chelsea vs NFO LW ENG Jadon Sancho
61%
Fulham vs MCI DM SER Sasa Lukic
61%
Spurs vs BRI LW FRA Mathys Tel
59%
Palace vs LIV CB FRA Maxence Lacroix
59%
Bournemouth vs LEI RB ENG Adam Smith
58%
West Ham vs IPS CB FRA Jean Clair Todibo
58%
Chelsea vs NFO CB ENG Tosin Adarabioyo
58%
Brighton vs TOT LM GAM Yankuba Minteh
58%
Fulham vs MCI ST MEX Raul Jimenez
56%
Brentford vs WOL CB NED Sepp van den Berg
56%
West Ham vs IPS CB ENG Max Kilman
55%
Brighton vs TOT RM CIV Simon Adingra
55%
Everton vs NEW CB IRE Jake O'Brien
54%
Forest vs CHE CM CIV Ibrahim Sangare
52%
Everton vs NEW DM ENG James Garner
51%
Leicester vs BOU RB ENG James Justin
51%
Wolves vs BRE RM POR Nelson Semedo
51%
Fulham vs MCI DM SCO Tom Cairney
51%
Wolves vs BRE CB IRE Matt Doherty
49%
Forest vs CHE CM ARG Nicolas Dominguez
49%
Brighton vs TOT CB ENG Adam Webster
48%
Everton vs NEW AM ARG Carlos Alcaraz
48%
Bournemouth vs LEI DM WAL David Brooks
48%
Everton vs NEW RW ENG Jack Harrison
48%
Spurs vs BRI CM ENG Archie Gray
46%
Brighton vs TOT LB BRA Igor
46%
West Ham vs IPS RM DRC Aaron Wan-Bissaka
45%
Everton vs NEW RB ENG Ashley Young
45%
Leicester vs BOU AM GHA Jordan Ayew
45%
Bournemouth vs LEI RW ENG Marcus Tavernier
45%
Ipswich vs WHU RW ENG Omari Hutchinson
45%
Southampton vs ARS RB JAP Yukinari Sugawara
45%
Leicester vs BOU CB ENG Conor Coady
44%
Wolves vs BRE CM BRA Andre
42%
Palace vs LIV CB COL Jefferson Lerma
39%
Leicester vs BOU DM ENG Oliver Skipp
39%
Leicester vs BOU LB DEN Victor Kristiansen
39%
West Ham vs IPS CM ENG James Ward-Prowse
38%
Ipswich vs WHU LB ENG Leif Davis
38%
Brighton vs TOT CM SWE Yasin Ayari
38%
Man Utd vs AVL CB ENG Ayden Heaven
37%
Leicester vs BOU DM FRA Boubakary Soumare
35%
Southampton vs ARS LM GHA Kamaldeen Sulemana
35%
Brentford vs WOL LB ENG Keane Lewis-Potter
35%
Brentford vs WOL RB ITA Michael Kayode
35%
Ipswich vs WHU DM EGY Sam Morsy
35%
Brighton vs TOT ST GER Brajan Gruda
34%
Fulham vs MCI CB ESP Jorge Cuenca
34%
Wolves vs BRE AM ZIM Marshall Munetsi
32%
Ipswich vs WHU RB ENG Axel Tuanzebe
31%
Ipswich vs WHU CB IRE Darragh O'Shea
31%
Wolves vs BRE ST POR Goncalo Guedes
31%
Brighton vs TOT RB NED Mats Wieffer
31%
Wolves vs BRE CB CIV Emmanuel Agbadou
28%
Ipswich vs WHU DM SWE Jens-Lys Cajuste
28%
Brighton vs TOT ST ENG Jack Hinshelwood
25%
Ipswich vs WHU CB ENG Jacob Greaves
25%
Southampton vs ARS CM FRA Lesley Ugochukwu
21%
Ipswich vs WHU LW WAL Nathan Broadhead
21%
Southampton vs ARS ST SCO Ross Stewart
21%
Brentford vs WOL DM UKR Yegor Yarmolyuk
21%
Ipswich vs WHU AM ENG Conor Chaplin
20%
Leicester vs BOU RW IRE Kasey McAteer
20%
Leicester vs BOU GK POL Jakub Stolarczyk
18%
Ipswich vs WHU GK ENG Chris Walton
17%
Ipswich vs WHU ST SCO George Hirst
17%
Southampton vs ARS CB ENG Charlie Taylor
15%
Leicester vs BOU LW ENG Luke Thomas
14%
Southampton vs ARS CB ENG Flynn Downes
13%
West Ham vs IPS LM ENG Oliver Scarles
13%
Southampton vs ARS LB BRA Welington
13%
No matching quizzes found
Score Distribution
Percent of People with Each Score
Percentile by Number Answered
Your Score History
You have not taken this quiz